000 00796na a2200253 4500
001 12943
003 MIRAKIL
005 20181213154937.0
008 160927b tu 000 0
035 _a12943
040 _aMilas
_btur
_cTR-AnCHP
082 _a297.122
_bM37k 2005
090 _a297.122 M37k 2005
100 _aMete, Nejdet
245 _aKuran'ı Kerim'deki evrensel insanlık öğütleri
_bAraştırma raporu (çalışma hayatından bir gözlemci yorumuyla)
_cNejdet Mete
246 _aKuranı Kerim
250 _a2. bs.
260 _aİzmir
_b[yayl.y.]
_c2005
300 _a112 s.
_btbl. , hrt.
_c23 sm.
650 _aKuranı Kerim
_xEvrensellik
650 _aKuranı Kerim
_xKavramlar
_xAçıklamalar
650 _aİslam dini
_xKuranı Kerim
_yÖğütler
942 _2dcc
_cBKS
999 _c3607
_d3607